000 00262nam a2200109Ia 4500
008 190216s9999||||xx |||||||||||||| ||und||
100 _aGeorge R Glover&Amp; Glynne Williams
245 0 _aElements Of Costing
260 _bNull
_c1928
300 _a250p
942 _cBK
999 _c4457
_d4457